000 00529nam a2200169 4500
001 137963
003 ES-MaACL
005 20250929063204.0
007 t|
008 070214s1928 cu r ||||1| spa d
100 1 _aSánchez de Fuentes, Eduardo,
_d1874-1944
_9102577
245 1 0 _aFolklorismo
_b: artículos, notas y críticas musicales /
_cEduardo Sánchez de Fuentes.
260 _aLa Habana :
_bMolina y Cia.,
_c1928.
300 _a334 p. ;
_c21 x 14 cm.
852 _aES-MaACL
_jA-1406
999 _c137963
_d137963